| 000 -ლიდერი |
| ფიქსირებული სიგრძის საკონტროლო ველი |
01871nam a2200313Ia 4500 |
| 001 - საკონტროლო ნომერი |
| საკონტროლო ველი |
20330 |
| 003 - საკონტროლო ნომრის იდენტიფიკატორი |
| საკონტროლო ველი |
GE_BSU |
| 005 - ბოლო ოპერაციის თარიღი და დრო |
| საკონტროლო ველი |
20200914172117.0 |
| 008 - ფიქსირებული სიგრძის მონაცემთა ელემენტები - ზოგადი ინფორმაცია |
| ფიქსირებული სიგრძის საკონტროლო ველი |
181216s1966||||ge |||||||||||||| ||geo|| |
| 040 ## - კატალოგიზაციის წყარო |
| Transcribing agency |
GE_BSU |
| 041 ## - ენის კოდი |
| Language code of text/sound track or separate title |
geo |
| 080 ## - უნივერსალური ათობითი კლასიფიკაციის ინდექსი |
| Universal Decimal Classification number |
811.353.1'342 ა-98 |
| 100 ## - მთავარი ჩანაწერი - პიროვნების სახელი |
| Personal name |
ახვლედიანი, გ. |
| 9 (RLIN) |
2910 |
| 245 ## - ცნობა სათაურის შესახებ |
| Title |
ზოგადი ფონეტიკის შესავალი = Введение в общую фонетику : |
| Remainder of title |
სახელმძღვანელო / |
| Statement of responsibility, etc |
გ. ახვლედიანი ; რედაქტორი ელ. სარჯველაძე. |
| 250 ## - გამოცემის ცნობა |
| Edition statement |
მეორე გამოცემა |
| 264 ## - წარმოების, გამოცემის, დისტრიბუციის და სხვა ცნობები |
| გამოცემის, წარმოების, დისტრიბუციის... ადგილი |
თბილისი : |
| გამოცემის, წარმოების, დისტრიბუციის... სახელწოდება |
განათლება, |
| გამოცემის, წარმოების, დისტრიბუციის... თარიღი |
1966. |
| 300 ## - ფიზიკური აღწერა |
| Extent |
208 გვ. ; |
| Dimensions |
22 სმ. |
| 653 ## - INDEX TERM--UNCONTROLLED |
| Uncontrolled term |
ფონეტიკა |
| 653 ## - INDEX TERM--UNCONTROLLED |
| Uncontrolled term |
ზოგადი ფონეტიკა |
| 653 ## - INDEX TERM--UNCONTROLLED |
| Uncontrolled term |
ფონეტიკის საგანი და მეთოდები |
| 653 ## - INDEX TERM--UNCONTROLLED |
| Uncontrolled term |
საწარმოთქმო ორგანოები, მათი მოქმედება და ფონემის ფიზიკური თვისებები |
| 653 ## - INDEX TERM--UNCONTROLLED |
| Uncontrolled term |
სამეტყველო ბგერათა კლსიფიკაცია |
| 653 ## - INDEX TERM--UNCONTROLLED |
| Uncontrolled term |
რუსულისა და ქართულის ფონემური შედგენილობა |
| 653 ## - INDEX TERM--UNCONTROLLED |
| Uncontrolled term |
ბგერათშეერთება -მარცვალი |
| 653 ## - INDEX TERM--UNCONTROLLED |
| Uncontrolled term |
ბგერათრაოდენობა ანუ ბგერათა სიგრძე–სიმოკლე |
| 653 ## - INDEX TERM--UNCONTROLLED |
| Uncontrolled term |
მახვილი - სამეტყველო ბგერა და წერა |
| 700 ## - ADDED ENTRY--PERSONAL NAME |
| Personal name |
სარჯველაძე, ელ. |
| Relator term |
რედაქტორი |
| 9 (RLIN) |
9534 |
| 942 ## - ADDED ENTRY ELEMENTS (KOHA) |
| Koha item type |
წიგნი |
| Source of classification or shelving scheme |
|